000 00553nam a22002057a 4500
005 20251108164925.0
008 250721s1993 xx 000 0 ara d
082 1 4 _a962.2/جما
100 1 _aحمدان، جمال
245 1 0 _aالقاهرة /
264 1 _aالقاهرة :
_bدار الهلال،
_c1993.
300 _a362ص
490 0 _aكتاب الهلال
650 1 7 _aتاريخ مصر
650 1 7 _aالتاريخ السياسي
650 1 7 _aالقاهرة
650 1 7 _aالجغرافيا
942 _2ddc
_cBK
999 _c17569
_d17569